00477pab a2200157 454500008004000000100002100040245008400061260000900145300001500154362000800169650004400177650003600221650001400257700001600271773003200287180718b2013 xxu||||| |||| 00| 0 eng d aMandal, Niranjan aPanchayats and universalization of elementary education: A study of West Bengal c2013 ap.439-472. aJan aPrimary education - India - West Bengal aPanchayat - India - West Bengal aPanchayat aDutta, B.N. aIndian Journal of Economics